000 01863cam a22004694i 4500
003 PE-LiUPU
005 20250731173342.0
008 150706s r 000 0 d
020 _a9505124260
035 _a(Sirsi) i9789505124268
040 _aPE-LiUPU
_bspa
_cPE-LiUPU
_erda
049 _aPRUA
082 0 4 _a226.2
_bC55
_221
100 1 _aCisterna, Félix Eduardo,
_eautor.
245 1 3 _aEl evangelio de Mateo /
_cFélix Eduardo Cisterna .
264 1 _aBuenos Aires :
_bClaretiana,
_c2006.
300 _a80 páginas :
_bilustraciones ;
_c17 centímetros
336 _atext
_2rdacontent
337 _aunmediated
_2rdamedia
338 _avolume
_2rdacarrier
504 _aIncluye bibliografía.
505 0 _aEl relato -- Un evangelio -- Vocabulario -- El plan de evangelio -- Sugerencias para trabajos prácticos -- El ambiente -- El tiempo -- El lugar -- La relación con el entorno -- La comunidad -- El autor del evangelio -- Las enseñanzas -- La cercanía de Dios -- El Enmanuel -- La nueva comunidad -- El lugar central de los pequeños.
526 _aSEG42
526 _aSEG41
526 _aSEG40
526 _aSEG39
526 _aP94
526 _aP87
526 _aP86
526 _aP85
526 _aP77
526 _aP76
526 _aP35
541 _g007-0020319;
630 _aBiblia.
_pN.T.
_pMateo
_xComentarios.
910 _bjv
_cng
_d20090911
942 _2ddc
_cBOOK
949 _a226.2 C55
_wDEWEY
_c1
_i60328
_lCCODEBUL1
_mBUL
_p8.00
_r0
_sY
_tBOOK
_u2015-7-6
_xTEOLOGIA
_zUNKNOWN
_0COMPRA
_o.STAFF. Colección General
994 _aC0
_bPEPRU
596 _a1
999 _a226.2 C55
_wDEWEY
_c49790
_i60328
_d49790
_e2019-6-11
_f2021-11-9
_g5
_lCCODEBUL1
_mBUL
_n1
_p8.00
_r0
_sY
_tBOOK
_u2015-7-6
_xTEOLOGIA
_zUNKNOWN
_0COMPRA
_o.STAFF. Colección General
980 _81
_gALBERTO SANCHEZ Responsable de Automatización